00361nam a2200133Ia 4500008004100000020001800041041001200059082001600071100001500087245005800102260004400160300000800204650001500212221030s9999 xx 000 0 und d a10:019567698X aEnglish a105.23bEll aJ. Elliott 0aOxford Dictionary & Thesaurus Vol. IIIcby J. Elliott bOxfor University PressaNew Delhic2006 a932 aDictionary